LEADER 01285nas 2200457- 450 001 996204281403316 005 20220628213021.0 035 $a(OCoLC)60624980 035 $a(CKB)110978978742261 035 $a(CONSER)--2022242451 035 $a(EXLCZ)99110978978742261 100 $a20050614a19909999 --- - 101 0 $aeng 135 $aurun||||||||| 181 $ctxt$2rdacontent 182 $cc$2rdamedia 183 $acr$2rdacarrier 200 00$aEuropean coatings journal 210 1$aHannover, West Germany :$cC.R. Vincentz Verlag 215 $a1 online resource 311 $a0930-3847 517 1 $aEC journal 531 $aEUR COAT J 606 $aCoatings$vPeriodicals 606 $aPaint$vPeriodicals 606 $aRevêtements$vPériodiques 606 $aPeinture (Produit chimique)$vPériodiques 606 $aCoatings$2fast$3(OCoLC)fst00865859 606 $aPaint$2fast$3(OCoLC)fst01050433 608 $aPeriodicals.$2lcgft 608 $aPeriodicals.$2fast 615 0$aCoatings 615 0$aPaint 615 6$aRevêtements 615 6$aPeinture (Produit chimique) 615 7$aCoatings. 615 7$aPaint. 906 $aJOURNAL 912 $a996204281403316 996 $aEuropean Coatings Journal$92052361 997 $aUNISA LEADER 03099oam 2200769K 450 001 9910788025303321 005 20190503073424.0 010 $a0-262-32372-9 010 $a0-262-52976-9 010 $a0-262-32371-0 035 $a(CKB)2670000000596001 035 $a(EBL)3339939 035 $a(SSID)ssj0001440674 035 $a(PQKBManifestationID)12535924 035 $a(PQKBTitleCode)TC0001440674 035 $a(PQKBWorkID)11391615 035 $a(PQKB)11538030 035 $a(WaSeSS)IndRDA00085829 035 $a(OCoLC)903531559$z(OCoLC)905656030$z(OCoLC)966210814$z(OCoLC)966929426 035 $a(OCoLC-P)903531559 035 $a(MaCbMITP)10036 035 $a(Au-PeEL)EBL3339939 035 $a(CaPaEBR)ebr11022388 035 $a(CaONFJC)MIL729296 035 $a(OCoLC)903531559 035 $a(PPN)220188920 035 $a(MiAaPQ)EBC3339939 035 $a(EXLCZ)992670000000596001 071 42$aMWT11715606 100 $a20150217d2015 uy 0 101 0 $aeng 135 $aur|n|---||||| 181 $ctxt 182 $cc 183 $acr 200 10$aMeasuring happiness $ethe economics of well-being /$fJoachim Weimann, Andreas Knabe, and Ronnie Scho?b 210 1$aCambridge, Massachusetts :$cMIT Press,$d[2015] 215 $a1 online resource (223 p.) 300 $aDescription based upon print version of record. 311 $a1-322-98014-4 311 $a0-262-02844-1 320 $aIncludes bibliographical references and index. 327 $aContents; Preface; I The Economics of Happiness and Its Most Important Results; 1 The End of Materialism?; 2 Economists' Way of Thinking: "More Is Better Than Less"; 3 The Easterlin Attack; 4 If Money Doesn't Make Us Happy, What Then?; 5 The Economic Determinants of Happiness; 6 What Is to Be Done If Money Doesn't Make Us Happy?; II What Is Happiness Research Telling Us?; 7 Are We Measuring Correctly?; 8 How Much Truth Is There in the Easterlin Paradox?; 9 Unemployed and Happy?!; 10 The Importance of Relative Position; 11 Conclusion; Appendix; Notes; References; Index 330 $aAn investigation of the happiness-prosperity connection and whether economists can measure well-being. 606 $aQuality of life$xEconomic aspects 606 $aWell-being$xEconomic aspects 606 $aHappiness$xEconomic aspects 606 $aMoney$xPsychological aspects 606 $aWealth$xPsychological aspects 606 $aEconomics$xPsychological aspects 610 $aECONOMICS/Public Economics 615 0$aQuality of life$xEconomic aspects. 615 0$aWell-being$xEconomic aspects. 615 0$aHappiness$xEconomic aspects. 615 0$aMoney$xPsychological aspects. 615 0$aWealth$xPsychological aspects. 615 0$aEconomics$xPsychological aspects. 676 $a306 700 $aWeimann$b Joachim$f1956-$0873955 702 $aKnabe$b Andreas 702 $aScho?b$b Ronnie 801 0$bOCoLC-P 801 1$bOCoLC-P 906 $aBOOK 912 $a9910788025303321 996 $aMeasuring happiness$93823556 997 $aUNINA LEADER 02255nam0 2200433 i 450 001 CFI0444616 005 20251003044141.0 010 $a8887298076 020 $aIT$b99-7936 100 $a20220801d1999 ||||0itac50 ba 101 | $aita 102 $ait 181 1$6z01$ai $bxxxe 182 1$6z01$an 183 1$6z01$anc$2RDAcarrier 200 1 $aDimensioni della bioetica$ela filosofia morale dinanzi alle sfide delle scienze della vita$fLuisella Battaglia 210 $aGenova$cName$d\1999! 215 $a283 p.$d21 cm. 225 | $aBiblioteca dell'Istituto italiano di bioetica$v1 410 0$1001CFI0444617$12001 $aBiblioteca dell'Istituto italiano di bioetica$v1$171202$aIstituto italiano di bioetica$3CFIV174693 606 $aBioetica$2FIR$3CFIC066886$9E 676 $a174$9ETICA ECONOMICA, PROFESSIONALE, OCCUPAZIONALE$v12 676 $a174$9Etica delle attività$v14 676 $a174$9ETICA DELLE ATTIVITÀ$v21 676 $a174.2$9ETICA DELLA PROFESSIONE MEDICA$v21 676 $a174.9574$9ETICA DI ALTRE PROFESSIONI E OCCUPAZIONI. Biologi$v21 700 1$aBattaglia$b, Luisella$3CFIV049951$4070$0262849 790 1$aBattaglia Cofrancesco$b, Luisella$3SBNV016795$zBattaglia, Luisella 801 3$aIT$bIT-000000$c20220801 850 $aIT-BN0095 $aIT-NA0641 $aIT-NA0079 $aIT-NA0536 901 $bNAP 60$cBIBLIOTECA$nComprende materiale librario di vario argomento 901 $bNAP BN$cMAGAZZINO $nmagazzini correnti divisi per anni 901 $bNAP RR$cCONS $n$ 901 $bNAP 01$cPOZZO LIB.$nVi sono collocati fondi di economia, periodici di ingegneria e scienze, periodici di economia e statistica e altri fondi comprendenti documenti di economia pervenuti in dono. 912 $aCFI0444616 950 0$aBiblioteca Centralizzata di Ateneo$c1 v.$d 01POZZO LIB.ECON MON 5836$e 0101 0000280575E VMA 1 v.$fB $h20210409$i20210409$c1 v.$d 01POZZO LIB.ECON MON 5836$e 01AR 0700315275E VMA (bis 1 v. (2. copia. - Precedente collocazione: EC (AR) 31 527)$fB $h20140929$i20140929 977 $a 01$a 60$a BN$a RR 996 $aDimensioni della bioetica$963292 997 $aUNISANNIO